Applied Physics Letters

Uložené v:
Podrobná bibliografia
Médium: Seriál
Vydavateľské údaje: 1999
Tagy: Pridať tag
Žiadne tagy, Buďte prvý, kto otaguje tento záznam!

MARC

LEADER 00000nas a22000003a 4500
001 stu64629
005 20151209143338.6
008 011106s1999----------------------------d
040 |a STU  |b slo 
245 |a Applied Physics Letters 
260 |c 1999 
500 |a 1-26 
500 |a 52 
773 0 |t Applied Physics Letters  |w stu_us_cat*stu59429  |x 0003-6951  |7 nnas 
996 |d Vol. 75, 1999  |v Vol. 75  |y 1999  |l EE0103  |s A  |a 24  |w stu64629_0001